| 000 | 02102nam a22002777a 4500 | ||
|---|---|---|---|
| 001 | 40454 | ||
| 003 | UA-OsUOA | ||
| 005 | 20230906104520.0 | ||
| 007 | ta | ||
| 008 | 20080612b un ||||| |||| 00| 0 ukr d | ||
| 040 |
_aUA-OsUOA _bukr _cUA-OsUOA _dUA-OsUOA |
||
| 041 | _aukr | ||
| 080 | _a82-94 | ||
| 090 |
_a82-94 _bД27 |
||
| 100 | _aДейчаківський М. | ||
| 245 |
_aНа визвольних стежках Европи: спогади зв'язкового ОУН, футбольні спогади Мука _cМикола Дейчаківський |
||
| 260 |
_aКиїв _bЮніверс _c1997 |
||
| 300 | _a125 с. | ||
| 520 | _aУ споминах Миколи Дейчаківського – учасника національно-визвольної боротьби 40-х років, члена ОУН-УПА, зв’язкового закордонного представництва УГВР, вихідця із села Ямниця Івано-Франківської обл., що зараз проживає в м. Клівленді (США), стисло і правдиво розповідається про важкі й цікаві історичні сторінки життя і боротьби українського студентства в умовах окупації частини Европи та України фашистською Німеччиною та на еміґрації. Поруч з цим подано історичний зріз спортивного життя молоді, особливо футбольної, як на теренах Західної України, так і на поселеннях Західної Европи та Америки. | ||
| 650 | 7 |
_a82 Література. Літературознавство _2UDC |
|
| 856 | 4 | 0 | _uhttps://chtyvo.org.ua/authors/Deichakivskyi_Mykola/Na_vyzvolnykh_stezhkakh_Evropy/ |
| 942 |
_cBK _2udc |
||
| 955 | _a4 | ||
| 999 |
_c438960 _d438960 |
||